In Aloha land / (Record no. 5878)

MARC details
000 -LEADER
fixed length control field 00514nam a22001817a 4500
003 - CONTROL NUMBER IDENTIFIER
control field GBCCL
005 - DATE AND TIME OF LATEST TRANSACTION
control field 20241126110551.0
008 - FIXED-LENGTH DATA ELEMENTS--GENERAL INFORMATION
fixed length control field 180412b ||||| |||| 00| 0 eng d
040 ## - CATALOGING SOURCE
Transcribing agency gbc
082 ## - DEWEY DECIMAL CLASSIFICATION NUMBER
Classification number 266
Item number NIS
100 ## - MAIN ENTRY--PERSONAL NAME
Personal name Nishikawa, Sue Saito
9 (RLIN) 10634
245 ## - TITLE STATEMENT
Title In Aloha land /
Statement of responsibility, etc. Sue Saito Nishikawa
260 ## - PUBLICATION, DISTRIBUTION, ETC.
Place of publication, distribution, etc. Georgia:
Name of publisher, distributor, etc. HMB,Southern Baptist Convention,
Date of publication, distribution, etc. 1968
300 ## - PHYSICAL DESCRIPTION
Extent 86 p.;
Dimensions 22 cm.
650 ## - SUBJECT ADDED ENTRY--TOPICAL TERM
Topical term or geographic name entry element Southern Baptist Convention
Form subdivision Mission
9 (RLIN) 10635
650 ## - SUBJECT ADDED ENTRY--TOPICAL TERM
Topical term or geographic name entry element Mission
Geographic subdivision Hawaii
9 (RLIN) 10636
942 ## - ADDED ENTRY ELEMENTS (KOHA)
Source of classification or shelving scheme Dewey Decimal Classification
Koha item type Books
Holdings
Withdrawn status Lost status Source of classification or shelving scheme Damaged status Not for loan Home library Current Library Shelving location Date acquired Total checkouts Full call number Barcode Date last seen Copy number Price effective from Koha item type
    Dewey Decimal Classification     GRACE BIBLE COLLEGE GRACE BIBLE COLLEGE Ministry & Mission 2018-04-12   266 NIS 009418 2025-05-01 c.1 2018-04-12 Books
© Grace Bible College Library 2025